La letra con sangre entra / (Registro nro. 30506)

Detalles MARC
000 -CABECERA
campo de control de longitud fija 01745nam a22002417a 4500
008 - CÓDIGOS DE INFORMACIÓN DE LONGITUD FIJA
fixed length control field 240131t19842022ck a gr a001 j spa d
020 ## - NÚMERO INTERNACIONAL NORMALIZADO PARA LIBROS
ISBN 9789585125384
037 ## - SOURCE OF ACQUISITION
Materials specified Donación
040 ## - Fuente de catalogación
Agencia original de catalogación CO-JMCR
Agencia de transcripción CO-JMCR
Agencia de modificación CO-JMCR
Convenciones de descripción rda
Lenguaje de catalogación spa
041 ## - CÓDIGO DE LENGUA
Código idioma spa
082 ## - NÚMERO DE LA CLASIFICACIÓN DECIMAL DEWEY
Edition number 20
Número de clasificación Decimal 070.44
Número de documento (Cutter) P22l
100 ## - PUNTO DE ACCESO PRINCIPAL-NOMBRE DE PERSONA
Nombre personal Pardo Umaña, Emilia,
Término de función/relación autor
9 (RLIN) 43161
245 ## - TÍTULO PROPIAMENTE DICHO
Título La letra con sangre entra /
Mención de responsabilidad, etc. Emilia Pardo Umaña
264 ## - PRODUCCION, PUBLICACION, DISTRIBUCION, COPYRIGHT
Lugar de producción, publicación, distribución, etc Bogotá :
Nombre del editor, productor, distribuidor, etc Secretaria distrital de cultura, recreación y deporte ,
Fecha de producción, publicación, distribución, copyright ©2021
300 ## - DESCRIPCIÓN FÍSICA
Extensión 252 páginas ;
Dimensiones 23 cm.
500 ## - NOTA GENERAL
Nota general Incluye datos biográficos del autor
520 ## - RESUMEN, ETC.
Resumen,etc. Desde que Emilia empezó a firmar con su nombre, lo que daba a la imprenta despertaba reacciones desaforadas: o se estaba con ella, o se estaba contra ella, sin términos medios. No se trata de que Emilia hubiera introducido los temas ligeros de la sección femenina en las páginas editoriales, sino de que convirtió las notas ligeras en algo distinto: un formato lo suficientemente maleable como para ser sismógrafo de la actualidad, no menos que vehículo de crítica social. Tuvieron que pasar veintitrés años desde su muerte para que una primera selección de sus columnas, preparada por Camándula, fuera publicada en 1984 con el título La letra con sangre entra. Este libro, ahora reeditado para la Colección Bogotá «Leer para la vida», no debería hacernos olvidar que Emilia escribió en su breve carrera alrededor de cuatro mil artículos y que de ellos conocemos apenas una ínfima parte.
650 ## - TÉRMINO DE MATERIA
subdivision Geografica Colombia
9 (RLIN) 13727
650 ## - TÉRMINO DE MATERIA
subdivision Geografica Colombia
9 (RLIN) 43162
650 ## - TÉRMINO DE MATERIA
subdivision Geografica Colombiano
9 (RLIN) 43163
Existencias
Withdrawn status Lost status Damaged status Not for loan Home library Current library Shelving location Date acquired Source of acquisition Total Checkouts Full call number Barcode Date last seen Date last checked out Copy number Price effective from Koha item type
        Biblioteca Pública José María del Castillo y Rada Biblioteca Pública José María del Castillo y Rada General Stacks 11/30/2023 Donación 1 070.44 P22l 201812160 07/22/2024 07/22/2024 Ej. 1 01/31/2024 Books